MARC

LEADER 00000nam0a2200000 4500
001 371094
005 20231102012338.0
035 |a (RuTPU)RU\TPU\retro\28503 
090 |a 371094 
100 |a 20220915d1977 m y0rusy50 ca 
101 0 |a rus 
102 |a UA 
105 |a a j 001zy 
200 1 |a Графическое и аналитическое моделирование геометрических объектов  |e учебное пособие  |f Н. М. Чернецкий  |g Харьковский авиационный институт 
210 |a Харьков  |c [Б. и.]  |d 1977 
215 |a 88 с.  |c ил. 
320 |a Библиогр.: с. 86 
606 1 |a Начертательная геометрия  |2 stltpush  |3 (RuTPU)RU\TPU\subj\45211  |9 64468 
610 1 |a проецирование 
610 1 |a проекционные изображения 
610 1 |a построение 
610 1 |a аксонометрический метод 
610 1 |a метод комплексного чертежа 
610 1 |a кривые линии 
610 1 |a поверхности 
610 1 |a учебные пособия 
675 |a 514.18(075.8)  |v 4 
700 1 |a Чернецкий  |b Н. М.  |g Николай Михайлович 
712 0 2 |a Харьковский авиационный институт  |2 stltpush  |3 (RuTPU)RU\TPU\col\7321  |9 24307 
801 1 |a RU  |b 63413507  |c 20220915 
942 |c BK